000 00347nam a2200157Ia 4500
001 24180
003 IN-NITTTR
005 20251114233310.0
008 251113s9999||||xx |||||||||||||| ||eng||
040 _beng
040 _cIN-NITTTR
041 _aeng
082 _a006.7 M178 R
245 0 _aMcgraw-hill multimedia handbook. /
942 _2ddc
_cBK
999 _c26809
_d26809